Statistics for Election of 1884 Trivia

Click here to take the quiz!

General Stats

  • This quiz has been taken 11 times
  • The average score is 11 of 25

Answer Stats

HintAnswer% Correct
Their PartyDemocratic
100%
Their PartyRepublican
100%
Winning CandidateGrover Cleveland
86%
Victor's previous job.Governor of New York
71%
Their Home StateNew York
71%
State with the smallest margin (0.1 in favor of the victor)New York
71%
Neither of the candidates managed to win the...Popular Vote
71%
The Winner was one of only two presidents from their party between 1869-1933. Name the other.Woodrow Wilson
71%
Christian denomination that the loser largely alienated leading up to the election.Catholics
57%
Losing CandidateJames G Blaine
57%
Their Home StateMaine
57%
American Prohibition
29%
Major Issue that hurt the loser's campaign.Corruption
29%
Greenback
29%
Next major party presidential candidate who held this position.Hillary Clinton
29%
State with the highest percent third party voters (11.3%)Massachusetts
29%
Group of the losers party that opposed his candidacy.Mugwumps
29%
Prohibition
29%
Loser's previous job.Secretary of State
29%
State with the largest margin (51.8 in favor of the victor)South Carolina
29%
Their Running MateThomas Hendricks
14%
Major third parties:Anti-Monopoly
0%
Candidate of the above and first woman to run a full campaign for president.Belva Lockwood
0%
Equal Rights
0%
Their Running MateJohn A Logan
0%

Score Distribution

Percentile by Number Answered

Percent of People with Each Score

Your Score History

You have not taken this quiz